• 首页
  • 本馆介绍
  • 公告通知
  • 最新文献
  • 馆藏检索
  • 电子资源
  • 读者导购
  • 参考咨询
  • 我的图书馆
  • 登录
  • 详细信息显示
  • 放入我的书架
  • 预约/预借图书
  • 作者相关作品
  • 分类相关作品
  • 丛书相关作品
  • 出版社相关作品

书目信息

  • 表格格式
  • 工作单格式
  • 卡片格式
题名:
中华人民共和国公务员法释义
    
 
作者: 吴德慧 编著
分册:  
出版信息: 北京   研究出版社  2019
页数: 223页
开本: 24cm
丛书名:
单 册:
中图分类: D922.115
科图分类:
主题词: 公务员法--法律解释--中国
电子资源:
ISBN: 978-7-5199-0386-2
000 00777nam0 2200229 450
001 2371760889
005 20231206195611.68
010    @a978-7-5199-0386-2@dCNY45.00
100    @a20190921d2019 em y0chiy50 ea
101 0  @achi
102    @aCN@b110000
105    @ay z 000yy
200 1  @a中华人民共和国公务员法释义@Azhong hua ren min gong he guo gong wu yuan fa shi yi@f吴德慧编著
210    @a北京@c研究出版社@d2019
215    @a223页@d24cm
300    @a根据最新修订的《中华人民共和国公务员法》编写
330    @a本书主要对新修订的公务员法进行逐条释义,侧重于解释法律条文的含义和学习理解中应注意的问题。
606 0  @a公务员法@x法律解释@y中国
690    @aD922.115@v5
701  0 @a吴德慧@Awu de hui@4编著
801  0 @aCN@b91MARC@c20190921
905    @aZUCC@dD922.115@e14
    
    中华人民共和国公务员法释义/吴德慧编著.-北京:研究出版社,2019
    223页;24cm
    根据最新修订的《中华人民共和国公务员法》编写
    
    ISBN 978-7-5199-0386-2:CNY45.00
    本书主要对新修订的公务员法进行逐条释义,侧重于解释法律条文的含义和学习理解中应注意的问题。
●
相关链接 在五车中查询图书 在当当中查询图书 在豆瓣中查询图书


正题名:中华人民共和国公务员法释义     索取号:D922.115/14         预约/预借

序号 登录号 条形码 馆藏地/架位号 状态 备注
1 2001269741   2001269741   辽宁北方(第一批)/辽宁北方(第一批)/367/ [索取号:D922.115/14] 在馆    
2 2001269742   2001269742   辽宁北方(第一批)/辽宁北方(第一批)/367/ [索取号:D922.115/14] 在馆    
3 2001269743   2001269743   辽宁北方(第一批)/辽宁北方(第一批)/367/ [索取号:D922.115/14] 在馆    
4 2001269744   2001269744   辽宁北方(第一批)/辽宁北方(第一批)/367/ [索取号:D922.115/14] 在馆    
5 2001269745   2001269745   辽宁北方(第一批)/辽宁北方(第一批)/367/ [索取号:D922.115/14] 在馆    
6 2001269746   2001269746   辽宁北方(第一批)/辽宁北方(第一批)/367/ [索取号:D922.115/14] 在馆    
山东省滨州职业学院图书馆 欢迎您!
大连网信软件有限公司© 版权所有